01618nam a2200289 a 450000100060000000300080000600500170001400800410003103500190007203500120009104000310010304100080013404300120014208200250015424500760017926001190025530000440037449000520041850400530047050505680052361000250109165000430111665100360115965100400119570000440123583000490127974959BD-RjUL20211209082627.0181226m1939 enkab b 001 0 eng  a(BD-RjUL)75177 a1648209 aDLCbengcDLCdLCdBD-RjUL aeng ae-uk-en 223a942.57bVIC 193904aThe Victoria history of the county of Oxford /cedited by L.F. Salzman. aLondon :bPublished for University of London, Institute of Historical Research, by Oxford University Press,c1939- av. :bill., maps (some col.) ;c32 cm.1 aThe Victoria history of the counties of England aIncludes bibliographical references and indexes.1 av. 1. Oxford -- v. 2. Oxford -- v. 3. The University of Oxford -- v. 4. The City of Oxford -- v. 5. Bullingdon hundred -- v. 6. Ploughley hundred -- v. 7. Dorchester and Thame hundreds -- v. 8. Lewknor and Pyrton hundreds -- v. 9. Bloxham hundred -- v. 10. Banbury hundred -- v. 11. Wootton hundred (Northern part) -- v. 12. Wootton hundred (South) including Woodstock -- v. 13. Bampton Hundred (part one) -- v. 14 Bampton Hundred (part two) -- v.15. Carterton, Minster Lovell, and environs: Bampton hundred (part three) -- v. 16. Henley-on-Thames and environs.10aUniversity of Oxford 0aNatural historyzEnglandzOxfordshire. 0aOxfordshire (England)xHistory. 0aOxfordshire (England)xAntiquities.1 aSalzman, L. F.q(Louis Francis),d1878- 0aVictoria history of the counties of England.